City Decoder #2 - Statistics

General Stats
  • This quiz has been taken 252 times
  • The average score is 19 of 32
Answer Stats
Hint City % Correct
L Peruvian capital Lima
91%
H Was handed to China in 1997 Hong Kong
89%
R Moroccan capital Rabat
87%
A New Zealand's biggest city Auckland
86%
C Africa's southernmost city Cape Town
86%
R "The Eternal City" Rome
86%
A Its library was burned in 48 BC Alexandria
81%
H _______, we have a problem Houston
81%
A Site of Taj Mahal Agra
80%
N Where jazz was born New Orleans
80%
A UAE's second biggest city Abu Dhabi
78%
D Where Gandhi was assassinated Delhi
76%
C Republic of Ireland's second city Cork
73%
P Historical capital of Bohemia Prague
71%
O Where Nobel Peace Prize is awarded annually Oslo
68%
G Formerly known as Danzig Gdańsk
62%
N Fat Man's destination in 1945 Nagasaki
62%
L Dalai Lama fled this city in 1959 Lhasa
58%
M Southernmost American capital Montevideo
55%
I Midwestern motor racing city Indianapolis
54%
T Canada's "Hogtown" Toronto
54%
L World's largest city by 2100 Lagos
43%
U Most important Dutch city during the Middle Ages Utrecht
43%
E Major city by Firth of Forth Edinburgh
40%
B Shakira's hometown Barranquilla
36%
I Located adjacent to Rawalpindi Islamabad
36%
C Philippines' second city Cebu
29%
P World's most isolated major city Perth
29%
I "The Pearl of the Aegean" Izmir
24%
H Where USS Maine sank in 1898 Havana
23%
Monchengladbach
19%
Tiruchirappalli
9%
No matching quizzes found
Score Distribution
Percent of People with Each Score
Percentile by Number Answered
Your Score History
You have not taken this quiz